Statistics for Youngest Countries by Median Age - Africa excluded

Click here to take the quiz!

General Stats

  • This quiz has been taken 30 times
  • The average score is 12 of 18

Answer Stats

Median (Years)Answer% Correct
23.0Haiti
100%
23.8Pakistan
91%
18.9Afghanistan
87%
20.0Iraq
87%
19.5Yemen
83%
24.1Nepal
78%
22.1Guatemala
74%
23.0Honduras
74%
23.0Laos
74%
23.5Philippines
74%
18.9East Timor
52%
22.9Marshall Islands
52%
23.1Papua New Guinea
52%
23.0Tonga
52%
22.7Belize
48%
22.5Solomon Islands
48%
22.0Vanuatu
48%
22.5Jordan
39%

Score Distribution

Percentile by Number Answered

Percent of People with Each Score

Your Score History

You have not taken this quiz